25 najlepszych piłkarzy premier league w FC 26 - Statystyki

Ogólne statystyki
  • Ten quiz został rozwiązany 71 razy
  • Średni wynik to 21 z 25
Statystyki odpowiedzi
numer overall klub reprezentacja Odpowiedź % Poprawnych
1 91 liverpool egipt salah
100%
4 90 man city norwegia haaland
98%
3 90 liverpool holandia van dijk
98%
2 90 man city hiszpania rodri
97%
8 88 liverpool szwecja isak
95%
10 88 arsenal anglia saka
92%
7 89 liverpool niemcy wirtz
92%
14 87 man united portugalia fernandes
90%
9 88 arsenal brazylia gabriel
90%
6 89 liverpool brazylia alisson
88%
5 89 man city włochy donnaruma
88%
11 87 chelsea anglia palmer
88%
17 87 arsenal norwegia odegaard
86%
19 87 arsenal szwecja gyokeres
85%
15 87 arsenal francja saliba
85%
13 87 arsenal anglia rice
83%
12 87 chelsea ekwador caicedo
80%
20 86 man city portugalia dias
75%
16 87 liverpool argentyna mac alister
75%
18 87 arsenal hiszpania raya
73%
22 86 liverpool francja konate
69%
23 86 newcastle włochy tonali
68%
21 86 newcastle brazylia guimaraes
66%
25 85 liverpool holandia gravenberch
61%
24 86 man city holandia reijnders
59%
Nie znaleziono quizów pasujących do podanych kryteriów
Rozkład punktacji
Procent ludzi z każdym wynikiem
Percentyl według liczby udzielonych odpowiedzi
Twoja historia wyników
Nie rozwiązałeś tego quizu